|
|
|
|
| LEADER |
00000nam0a2200000 4500 |
| 001 |
172062 |
| 005 |
20231101223012.0 |
| 010 |
|
|
|a 9783861172529
|
| 035 |
|
|
|a (RuTPU)RU\TPU\book\186543
|
| 090 |
|
|
|a 172062
|
| 100 |
|
|
|a 20091210d2006 m y0gery50 ba
|
| 101 |
0 |
|
|a ger
|
| 102 |
|
|
|a DE
|
| 105 |
|
|
|a a e 000zy
|
| 200 |
1 |
|
|a Fachworterbuch Kompakt Technik Russisch. Russisch-Deutsch. Deutsch- Russisch
|f H. Görner
|
| 205 |
|
|
|a 2-te Auflage
|
| 210 |
|
|
|a Berlin
|c Langenscheidt
|d 2006
|
| 215 |
|
|
|a 1070 s.
|c il.
|
| 225 |
1 |
|
|a Langenscheidt
|
| 606 |
1 |
|
|a Немецкий язык
|x Лексикография
|x Словари
|2 stltpush
|3 (RuTPU)RU\TPU\subj\45382
|9 64625
|
| 610 |
1 |
|
|a лексика
|
| 610 |
1 |
|
|a словари
|
| 686 |
|
|
|a Ш143.24-4
|v LBC/SL-A
|2 rubbk
|
| 700 |
|
1 |
|a Görner
|b H.
|g Horst
|
| 801 |
|
1 |
|a RU
|b 63413507
|c 20091210
|
| 801 |
|
2 |
|a RU
|b 63413507
|c 20221208
|g RCR
|
| 942 |
|
|
|c BK
|